000 01125nam a2200313 a 4500
001 70130
003 BD-RjUL
005 20211209081952.0
008 170416s1986 nyua b 001 0 eng d
020 _a0471842605 :
_c47.95 (est.)
035 _aMITb10343641
035 _a(BD-RjUL)70342
040 _aDLC
_cDLC
_dm/c
_dMYG
_dBD-RjUL
_beng
041 _aeng
082 _223
_a515.73
_bGOI 1986
100 1 _aGohberg, I.
_q(Israel),
_d1928-2009.
_9207692
245 1 0 _aInvariant subspaces of matrices with applications /
_cI. Gohberg, P. Lancaster and L. Rodman.
260 _aNew York :
_bWiley,
_cc1986.
300 _axv, 692 p. :
_bill. ;
_c24 cm.
490 1 _aCanadian Mathematical Society series of monographs and advanced texts
500 _a"A Wiley-Interscience publication."
504 _aIncludes bibliography (p. 683-686.) and indexes.
650 0 _aInvariant subspaces.
_9207693
650 0 _aMatrices.
_9207694
700 1 _aLancaster, Peter,
_d1929-
_9207695
700 1 _aRodman, L.
_9207696
830 0 _aCanadian Mathematical Society series of monographs and advanced texts.
_9207699
942 _2ddc
_cBK
999 _c70130
_d70130